000 00870naa a22002657u 4500
001 03406
003 HDC
007 cr bn ---aaaaa
008 210109t2003 -us 000 0 eng
040 _aHDC
245 0 _aAgronomic Handbook: Management of Crops, Soils, and Their Fertility:
_bAppendix A: Soil/Plant Definitions
260 _aFlorida :
_bCRC Press LLC.,
_c2003
300 _a13 pages
336 _atext
_2rdacontent
337 _acomputer
_2rdamedia
338 _aonline resource
_2rdacarrier
500 _aOriginal from book
650 _aAgriculture
_92036
650 _aAgronomy
_92739
650 _aSoils
_92740
856 _zRequest full-text at [email protected]
942 _2lcc
942 _cCHAP
942 _kEBCH 002420
999 _c792
_d792